[Event "POLFINAL MISTRZOSTW POLSKI JUNIOROW 2019 - C13"]
[Site "Ustron"]
[Date "1899-12-30"]
[Round "9.10"]
[White "Sputowski, Jakub"]
[Black "Goral, Jan"]
[Result "1-0"]
[WhiteTitle "I"]
[BlackTitle "I"]
[WhiteElo "1655"]
[BlackElo "1564"]

1. e4 c5 2. Nf3 d6 3. d4 cxd4 4. Nxd4 Nf6 5. Nc3 g6 6. Be3 Bg7 7. Be2 O-O 8. Qd2
Nc6 9. f3 d5 10. Nxc6 bxc6 11. O-O-O Qc7 12. exd5 Nxd5 13. Nxd5 cxd5 14. Bh6 Rd8
15. Bxg7 Kxg7 16. h4 h6 17. g4 Rb8 18. f4 Qb6 19. Qd4+ Qxd4 20. Rxd4 Rb6 21. Rhd1
Rbd6 22. Bf3 Bb7 23. c4 Rc8 24. b3 f6 25. Bxd5 Rcd8 26. R4d2 Bxd5 27. Rxd5 Kf7
28. Kc2 Rxd5 29. Rxd5 Rxd5 30. cxd5 e6 31. dxe6+ Kxe6 32. Kd3 Kd5 33. b4 g5 34.
hxg5 hxg5 35. fxg5 fxg5 36. a4 a6 37. b5 axb5 38. axb5 1-0

[Event "POLFINAL MISTRZOSTW POLSKI JUNIOROW 2019 - C13"]
[Site "Ustron"]
[Date "1899-12-30"]
[Round "9.11"]
[White "Klisowski, Bartosz"]
[Black "Grzybek, Mikolaj"]
[Result "1-0"]
[WhiteTitle "II"]
[BlackTitle "II"]
[WhiteElo "1434"]
[BlackElo "1382"]

1. Nf3 d5 2. g3 c6 3. Bg2 g6 4. O-O Bg7 5. c4 Nf6 6. d4 O-O 7. cxd5 cxd5 8. Nc3
e6 9. Bg5 Nbd7 10. Rc1 a6 11. Na4 b5 12. Nc5 Nxc5 13. Rxc5 h6 14. Bxf6 Bxf6 15.
Ne5 Bb7 16. Qc2 Qd6 17. f4 Rac8 18. Rc1 Bxe5 19. dxe5 Qb6 20. Kf1 Qa5 21. Qb3
Qd2 22. Rxc8 Rxc8 23. Rxc8+ Bxc8 24. Qc3 Qxc3 25. bxc3 Bb7 26. Ke1 Kf8 27. Kd2
Ke7 28. Kd3 Kd7 29. Kd4 Kc7 30. Kc5 Bc6 31. g4 Bb7 1-0

[Event "POLFINAL MISTRZOSTW POLSKI JUNIOROW 2019 - C13"]
[Site "Ustron"]
[Date "1899-12-30"]
[Round "9.12"]
[White "Bogusz, Alan"]
[Black "Miler, Franciszek"]
[Result "1-0"]
[WhiteTitle "I"]
[BlackTitle "II"]
[WhiteElo "1878"]
[BlackElo "1355"]

1. d4 g6 2. c4 Bg7 3. Nc3 c5 4. d5 Bxc3+ 5. bxc3 f5 6. g3 Qa5 7. Qc2 Nf6 8. Bg2
d6 9. h4 Nbd7 10. Nf3 b6 11. O-O Ne4 12. Bb2 Ndf6 13. Qb3 Bd7 14. a4 h6 15. Qc2
Qa6 16. Qb3 g5 17. Bc1 Rg8 18. e3 e5 19. dxe6 Bc6 20. Rd1 Qb7 21. hxg5 hxg5 22.
Ne1 Rh8 23. a5 Ng4 24. Ra2 Qh7 25. Nf3 Nh2 26. Nxg5 Qh5 27. Nf7 Nf3+ 28. Kf1 Nh2+
29. Kg1 Nf3+ 30. Kf1 Nxc3 31. Qxc3 Nd2+ 32. Ke1 Nf3+ 33. Bxf3 Qxf3 34. Qxh8+ Ke7
35. Qh4+ Kf8 36. Rxd6 1-0

[Event "POLFINAL MISTRZOSTW POLSKI JUNIOROW 2019 - C13"]
[Site "Ustron"]
[Date "1899-12-30"]
[Round "9.13"]
[White "Pancewicz, Szymon"]
[Black "Bochenek, Ryszard"]
[Result "1-0"]
[WhiteTitle "I+"]
[BlackTitle "II"]
[WhiteElo "1764"]
[BlackElo "1324"]

1. e4 c5 2. Nf3 Nc6 3. d4 cxd4 4. Nxd4 e5 5. Nb5 d6 6. N1c3 a6 7. Na3 Be7 8. Nc4
b5 9. Ne3 Nf6 10. g3 O-O 11. Bg2 b4 12. Ncd5 Nxd5 13. Nxd5 Bg5 14. Bxg5 Qxg5 15.
a3 bxa3 16. Rxa3 Rb8 17. b3 a5 18. O-O Be6 19. Qd3 Rfc8 20. f4 Qd8 21. Ne3 Qb6
22. Kh1 Nb4 23. Qd2 Qc5 24. f5 Bd7 25. f6 Nxc2 26. Nxc2 Qxc2 27. Qg5 1-0

[Event "POLFINAL MISTRZOSTW POLSKI JUNIOROW 2019 - C13"]
[Site "Ustron"]
[Date "1899-12-30"]
[Round "9.14"]
[White "Kotowicz, Kamil"]
[Black "Rylski, Tadeusz"]
[Result "1/2-1/2"]
[WhiteTitle "II"]
[BlackTitle "II+"]
[WhiteElo "1512"]
[BlackElo "1680"]

1. d4 Nf6 2. Nf3 e6 3. Bf4 d5 4. e3 c5 5. c3 Nc6 6. Bd3 Bd6 7. Bg3 O-O 8. Nbd2
Re8 9. O-O e5 10. dxe5 Bxe5 11. Nxe5 Nxe5 12. Bxe5 Rxe5 13. Nf3 Re8 14. Re1 Bg4
15. Be2 Qb6 16. Qb3 Rad8 17. Rad1 Ne4 18. h3 Bh5 19. Nd2 Bg6 20. Nxe4 Bxe4 21.
Qxb6 axb6 22. Bd3 Kf8 23. Bxe4 dxe4 24. Kf1 Rd3 25. Ke2 Red8 26. c4 Ke7 27. Rxd3
Rxd3 28. f3 Rd6 29. fxe4 Re6 30. b3 Rxe4 31. a4 Re6 32. g4 1/2-1/2

[Event "POLFINAL MISTRZOSTW POLSKI JUNIOROW 2019 - C13"]
[Site "Ustron"]
[Date "1899-12-30"]
[Round "9.15"]
[White "Lakowski, Filip"]
[Black "Goszyk, Bartosz"]
[Result "0-1"]
[WhiteTitle "II"]
[BlackTitle "II+"]
[WhiteElo "1310"]
[BlackElo "1605"]

1. e4 c5 2. c3 d5 3. exd5 Qxd5 4. d4 Nc6 5. Nf3 Bf5 6. Be3 cxd4 7. cxd4 Bxb1 8.
Qxb1 e6 9. a3 Nf6 10. Be2 Be7 11. Qd3 O-O 12. O-O Rfd8 13. Rfd1 a6 14. Rac1 Qd6
15. Qb3 Nd5 16. Bc4 Na5 17. Qd3 Nxc4 18. Qxc4 Bf6 19. h3 h6 20. Qb3 Rd7 21. Rc2
Rad8 22. Rcd2 Qc7 23. Rc2 Qb8 24. Rcd2 Rd6 25. Ne1 Rb6 26. Qd3 Rc6 27. Rc2 Rcd6
28. Nf3 b5 29. b4 Nb6 30. Qe4 Rd5 31. Rdc1 Nc4 32. Rc3 Qb6 33. R1c2 a5 34. Qg4
Kh8 35. Qf4 axb4 36. axb4 Qa7 37. Ne5 Rxd4 38. Bxd4 Rxd4 39. Nxf7+ Qxf7 40. Qb8+
Kh7 41. Rf3 Rd1+ 42. Kh2 Be5+ 43. Qxe5 Nxe5 44. Rxf7 Nxf7 45. Rc5 Rd5 0-1

[Event "POLFINAL MISTRZOSTW POLSKI JUNIOROW 2019 - C13"]
[Site "Ustron"]
[Date "1899-12-30"]
[Round "9.16"]
[White "Kubik, Rafal"]
[Black "Sidlo, Szymon"]
[Result "1/2-1/2"]
[WhiteTitle "II+"]
[BlackTitle "II"]
[WhiteElo "1552"]
[BlackElo "1244"]

1. e4 e6 2. d4 d5 3. Nc3 dxe4 4. Nxe4 Nd7 5. Nf3 Ngf6 6. Nxf6+ Nxf6 7. c3 c5 8.
Be3 Qc7 9. Bb5+ Bd7 10. Bxd7+ Nxd7 11. d5 exd5 12. Qxd5 Nf6 13. Qf5 Qd7 14. Qc2
Qg4 15. O-O-O Be7 16. h4 O-O 17. Ng5 Rad8 18. Rxd8 Rxd8 19. f3 Qd7 20. Ne4 Nxe4
21. Qxe4 b6 22. g4 Bd6 23. Rd1 Re8 24. Qd3 Qe6 25. Bg5 Be7 26. Bxe7 Qxe7 27. h5
g6 28. h6 Kf8 29. Qd6 Qxd6 30. Rxd6 Ke7 31. Rd3 Kf6 32. Kd2 Re7 33. f4 g5 34.
f5 Re4 35. Rg3 Ke5 36. Re3 Kf4 37. Rd3 Re7 38. f6 Re6 39. Rd7 Rxf6 40. Rxa7 Kxg4
41. b4 cxb4 42. cxb4 Kh5 43. a4 g4 44. a5 bxa5 45. Rxa5+ Kg6 46. b5 g3 47. Ra3
Kxh6 48. Rxg3 Rb6 49. Rh3+ Kg6 50. Rg3+ Kf6 51. Rh3 Rxb5 52. Rxh7 Kg6 53. Rh1
f5 54. Ke3 Rb3+ 55. Kf2 f4 56. Rh8 Kf5 57. Rf8+ Ke4 58. Re8+ Kf5 1/2-1/2

[Event "POLFINAL MISTRZOSTW POLSKI JUNIOROW 2019 - C13"]
[Site "Ustron"]
[Date "1899-12-30"]
[Round "9.17"]
[White "Latacz, Grzegorz"]
[Black "Dembicki, Karol"]
[Result "1/2-1/2"]
[WhiteTitle "II"]
[BlackTitle "II"]
[WhiteElo "1367"]
[BlackElo "1388"]

1. d4 d5 2. c4 Nf6 3. cxd5 Nxd5 4. e4 Nf6 5. Nc3 Nc6 6. d5 Ne5 7. f4 Ng6 8. e5
Ng4 9. h3 Nh6 10. Qb3 c6 11. Bd2 Nf5 12. g4 Nd4 13. Qa4 Qb6 14. dxc6 Nxc6 15.
Qb5 Qxb5 16. Nxb5 Kd8 17. O-O-O Bd7 18. Nf3 e6 19. Ng5 Ke7 20. Be3 h6 21. Nxf7
Rg8 22. Nfd6 b6 23. Bf2 Nxf4 24. Bg3 Ng6 25. Re1 Kd8 26. h4 Bxd6 27. exd6 e5 28.
h5 Nf4 29. Bh4+ Kc8 30. Nc7 Rb8 31. Ba6+ Rb7 32. Bxb7+ Kxb7 33. Re3 Bxg4 34. Bg3
Nxh5 35. Bxe5 Nxe5 36. Rxe5 Ng3 37. Rhe1 Rd8 38. Re7 Kc6 39. Rxg7 Ne2+ 40. Kb1
Bf5+ 41. Ka1 Rxd6 42. Na6 Kb5 43. Nc7+ Kc6 44. Na6 Kb5 45. Rxa7 Nd4 46. Re5+ Kc4
47. Rc7+ Kd3 48. Nb4+ Kd2 49. Rd5 Rxd5 50. Nxd5 Nc2+ 51. Kb1 Nb4+ 52. Ka1 Nxd5
1/2-1/2

[Event "POLFINAL MISTRZOSTW POLSKI JUNIOROW 2019 - C13"]
[Site "Ustron"]
[Date "1899-12-30"]
[Round "9.18"]
[White "Rzepka, Marcin"]
[Black "Wolski, Michal"]
[Result "1-0"]
[WhiteTitle "II"]
[BlackTitle "II"]
[WhiteElo "1323"]
[BlackElo "1584"]

1. Nf3 Nf6 2. g3 d5 3. Bg2 e6 4. O-O Be7 5. d3 O-O 6. Nbd2 c5 7. e4 Nc6 8. e5 Nd7
9. Re1 Qc7 10. Qe2 b5 11. Nf1 c4 12. h4 a5 13. Bf4 Ba6 14. N1h2 b4 15. h5 Nc5
16. Rad1 b3 17. axb3 cxb3 18. c3 a4 19. Ng4 Nd7 20. h6 g6 21. Bg5 Bxg5 22. Nxg5
Ne7 23. c4 Bb7 24. Rc1 Qd8 25. Qd2 Nf5 26. cxd5 Bxd5 27. Bxd5 exd5 28. e6 fxe6
29. Nxe6 Qb6 30. Nxf8 Rxf8 31. Nh2 Nxg3 32. Re7 Nf5 33. Rxd7 Qe6 34. Rcc7 a3 35.
bxa3 b2 36. Qxb2 Qe1+ 37. Nf1 d4 38. Qb3+ 1-0

[Event "POLFINAL MISTRZOSTW POLSKI JUNIOROW 2019 - C13"]
[Site "Ustron"]
[Date "1899-12-30"]
[Round "9.19"]
[White "Jendrowiak, Maciej"]
[Black "Borowik, Karol"]
[Result "1-0"]
[WhiteTitle "II"]
[BlackTitle "II"]
[WhiteElo "1472"]
[BlackElo "1224"]

1. d4 Nf6 2. c4 g6 3. Nc3 Bg7 4. e4 d6 5. Bd3 O-O 6. Nge2 Nc6 7. O-O e5 8. d5 Ne7
9. Rb1 c5 10. a3 Nd7 11. Ng3 Nf6 12. b4 b6 13. h3 Ne8 14. Qc2 Nc7 15. bxc5 bxc5
16. Bd2 f5 17. f4 exf4 18. Bxf4 h6 19. exf5 Nxf5 20. Nxf5 gxf5 21. Ne2 Ne8 22.
Ng3 Qf6 23. Kh1 Rf7 24. Bd2 Qh4 25. Nxf5 Bxf5 26. Bxf5 Re7 27. Rf4 Qg3 28. Rb3
Re1+ 29. Bxe1 Qxe1+ 30. Kh2 Be5 31. Be6+ Kh8 32. g3 Bxf4 33. gxf4 Ng7 34. Qb2
Kh7 35. Rb7 Kg6 36. Qxg7+ Kh5 37. Qg4# 1-0

[Event "POLFINAL MISTRZOSTW POLSKI JUNIOROW 2019 - C13"]
[Site "Ustron"]
[Date "1899-12-30"]
[Round "9.20"]
[White "Turowski, Maciej"]
[Black "Pojawa, Jakub"]
[Result "1/2-1/2"]
[WhiteTitle "II"]
[BlackTitle "II"]
[WhiteElo "1244"]
[BlackElo "1231"]

1. d4 d5 2. c4 e6 3. Nc3 Nf6 4. Bg5 Nc6 5. Nf3 Be7 6. e3 h6 7. Bh4 O-O 8. Bxf6
Bxf6 9. cxd5 exd5 10. Qb3 Ne7 11. Be2 c6 12. O-O Qb6 13. Qc2 Bf5 14. Qd2 Rfe8
15. a3 Nc8 16. b4 a6 17. h3 Nd6 18. Bd3 Bxd3 19. Qxd3 Ne4 20. Na4 Qb5 21. Qc2
Rac8 22. Nc5 Nxc5 23. Qxc5 Qxc5 24. bxc5 Rb8 25. Rab1 Bd8 26. Rfc1 Ba5 27. Ne5
Red8 28. Rb3 f6 29. Ng6 Kf7 30. Nh4 g6 31. Rcb1 Rd7 32. Kf1 b6 1/2-1/2

[Event "POLFINAL MISTRZOSTW POLSKI JUNIOROW 2019 - C13"]
[Site "Ustron"]
[Date "1899-12-30"]
[Round "9.21"]
[White "Zimny, Jakub"]
[Black "Garwacki, Kornel"]
[Result "0-1"]
[WhiteTitle "II"]
[BlackTitle "II"]
[WhiteElo "1510"]
[BlackElo "1207"]

1. e4 d6 2. d4 g6 3. Nc3 Bg7 4. Be3 a6 5. Qd2 Nd7 6. f3 Ngf6 7. h4 e6 8. g4 b6
9. h5 c5 10. Nge2 Bb7 11. Bh6 Bxh6 12. Qxh6 Qe7 13. hxg6 fxg6 14. Nf4 O-O-O 15.
O-O-O cxd4 16. Rxd4 e5 17. Rc4+ Kb8 18. Nfd5 Nxd5 19. Nxd5 Bxd5 20. exd5 Qf7 21.
Ra4 Qxf3 22. Bxa6 Nc5 23. Rh3 Qxd5 24. Bc4 Qe4 25. Re3 Qxg4 26. Rb4 Kc7 27. Qg7+
Qd7 28. Qh6 Rdf8 29. Ra3 Ra8 30. Bb5 Qe7 31. Qh1 e4 32. Rc3 Rxa2 33. Rxe4 Qg5+
34. Ree3 Ra1+ 35. Kd2 Rxh1 0-1

[Event "POLFINAL MISTRZOSTW POLSKI JUNIOROW 2019 - C13"]
[Site "Ustron"]
[Date "1899-12-30"]
[Round "9.23"]
[White "Fojcik, Kacper"]
[Black "Szymczyk, Antoni"]
[Result "1-0"]
[WhiteTitle "II"]
[BlackTitle "II"]
[WhiteElo "1286"]
[BlackElo "1305"]

1. d4 d6 2. c4 g6 3. Nc3 Bg7 4. e4 Nf6 5. f3 O-O 6. Bg5 Nbd7 7. Qd2 e5 8. d5 a5
9. Bh6 Nc5 10. Bxg7 Kxg7 11. Nge2 Ne8 12. g4 Qh4+ 13. Ng3 Nf6 14. O-O-O Bd7 15.
Bd3 a4 16. Bc2 Rfb8 17. Qe1 b5 18. Nf5+ gxf5 19. Qxh4 Ng8 20. gxf5 f6 21. Rhg1+
Kf7 22. Qxh7+ Ke8 23. Rxg8# 1-0

[Event "POLFINAL MISTRZOSTW POLSKI JUNIOROW 2019 - C13"]
[Site "Ustron"]
[Date "1899-12-30"]
[Round "9.24"]
[White "Guzik, Michal"]
[Black "Marek, Grzegorz"]
[Result "0-1"]
[WhiteTitle "II"]
[BlackTitle "II"]
[WhiteElo "1104"]
[BlackElo "1302"]

1. e4 e5 2. Nf3 Nc6 3. Bc4 Nf6 4. Ng5 d5 5. exd5 Na5 6. Bb5+ c6 7. dxc6 bxc6 8.
Qf3 Rb8 9. Bxc6+ Nxc6 10. Qxc6+ Nd7 11. d3 Rb6 12. Qc4 Rf6 13. Nc3 Nb6 14. Qb5+
Bd7 15. Qxe5+ Be7 16. Nce4 Rg6 17. Qf4 O-O 18. Bd2 f5 19. Nxh7 Kxh7 20. Ng3 Bg5
21. Qf3 Bxd2+ 22. Kxd2 Bc6 23. Qf4 Rg4 24. Qe5 Nc4+ 0-1

[Event "POLFINAL MISTRZOSTW POLSKI JUNIOROW 2019 - C13"]
[Site "Ustron"]
[Date "1899-12-30"]
[Round "9.26"]
[White "Dutka, Jan"]
[Black "Kultucki, Kamil"]
[Result "1/2-1/2"]
[WhiteTitle "III"]
[BlackTitle "II"]
[WhiteElo "1033"]
[BlackElo "1345"]

1. e4 c5 2. Nf3 Nc6 3. d4 cxd4 4. Nxd4 e5 5. Nb5 d6 6. N1c3 a6 7. Na3 Be7 8. Bd3
Nf6 9. O-O O-O 10. Nd5 Be6 11. Nxf6+ Bxf6 12. c3 d5 13. Nc2 Qd6 14. f4 exf4 15.
Bxf4 Be5 16. Bxe5 Qxe5 17. exd5 Qxd5 18. Qf3 Rad8 19. Qxd5 Rxd5 20. Rad1 Rfd8
21. Be2 Rxd1 22. Rxd1 Rxd1+ 23. Bxd1 Bxa2 24. Bf3 Bc4 25. Ne3 Bb3 26. Nf5 Na5
27. Nd4 Ba4 28. b4 Nc6 29. Nf5 Nd8 30. Nd6 Bc6 31. Bg4 Kf8 32. Kf2 Ne6 33. g3
Ke7 34. Nc4 Ng5 35. Ke3 Ne4 36. Kd4 Nd6 37. Ne5 Nb5+ 38. Kc4 Na3+ 39. Kb3 Nb5
40. Nxc6+ bxc6 41. c4 Nd6 42. c5 Nb5 43. Ka4 Nc7 44. Ka5 Kd8 45. Be2 f6 46. Bd3
g6 47. Bxa6 Nxa6 48. Kxa6 Kc7 49. b5 cxb5 50. Kxb5 f5 51. c6 g5 52. Kc5 f4 53.
gxf4 gxf4 54. Kd4 Kxc6 55. Ke4 f3 56. Kxf3 Kd6 57. Ke4 Ke5+ 1/2-1/2